Figure Out the Lyrics (Beatles 4) Quiz Stats

 Plays Quiz Updated Jun 19, 2018

Challenge
Share
Tweet
Embed
Score 0/127 Timer 07:00
2 Plays Today
% Correct
I
97.8%
I
97.8%
I
97.8%
I
97.8%
I
97.8%
I
97.8%
I
97.8%
I
97.8%
I
97.8%
I
97.8%
I
97.8%
I
97.8%
love
90.2%
You
88.1%
You
88.1%
You
88.1%
You
88.1%
the
88%
the
88%
the
88%
the
88%
to
80.3%
to
80.3%
to
80.3%
to
80.3%
me
79.3%
me
79.3%
me
79.3%
me
79.3%
me
79.3%
and
77.9%
and
77.9%
and
77.9%
and
77.9%
she
72.2%
she
72.2%
she
72.2%
she
72.2%
she
72.2%
do
72.2%
is
69.7%
in
69.5%
in
69.5%
% Correct
in
69.5%
in
69.5%
in
69.5%
in
69.5%
her
66.4%
her
66.4%
her
66.4%
her
66.4%
her
66.4%
her
66.4%
want
63.8%
want
63.8%
want
63.8%
no
63.2%
no
63.2%
It
60%
know
59.6%
know
59.6%
know
59.6%
know
59.6%
know
59.6%
know
59.6%
know
59.6%
all
57.8%
don't
54.4%
don't
54.4%
don't
54.4%
don't
54.4%
don't
54.4%
don't
54.4%
don't
54.4%
don't
54.4%
have
51.5%
my
50.5%
of
50.4%
how
49.6%
how
49.6%
how
49.6%
will
49.2%
like
49.1%
need
47%
way
46.2%
way
46.2%
% Correct
way
46.2%
that
45.4%
that
45.4%
now
42.8%
now
42.8%
now
42.8%
now
42.8%
Something
41.9%
Something
41.9%
Something
41.9%
Something
41.9%
Something
41.9%
other
41.8%
other
41.8%
moves
41.6%
leave
39.9%
leave
39.9%
leave
39.9%
lover
37.9%
lover
37.9%
think
37.8%
believe
34.5%
believe
34.5%
believe
34.5%
show
34.4%
smile
32.7%
You're
31.2%
attracts
30.6%
knows
26.7%
knows
26.7%
shows
26.1%
shows
26.1%
may
26%
grow?
25.9%
asking
23.6%
around
23.2%
woos
21.9%
Somewhere
20.8%
stick
19.4%
style
17.8%
things
15.2%

You're not logged in!

Compare scores with friends on all Sporcle quizzes.
Join for Free
OR
Log In

You Might Also Like...

Show Comments

Extras

Top Quizzes Today


Score Distribution

Your Account Isn't Verified!

In order to create a playlist on Sporcle, you need to verify the email address you used during registration. Go to your Sporcle Settings to finish the process.

Report this User

Report this user for behavior that violates our Community Guidelines.

Details: